25 Most Prominent Mountains - Statistics

General Stats
  • This quiz has been taken 52 times
  • The average score is 7 of 25
Answer Stats
Picture Answer % Correct
Mount Everest
100%
K2
83%
Mount Kilimanjaro
81%
Denali
65%
Mont Blanc
54%
Mount Elbrus
44%
Aconcagua
35%
Mount Logan
31%
Puncak Jaya
23%
Mauna Kea
21%
Chimborazo
19%
Vinson Massif
17%
Nanga Parbat
15%
Mount Kinabalu
13%
Pico de Orizaba
13%
Mount Damavand
10%
Klyuchevskaya Sopka
8%
Mount Ranier
8%
Pico Bolivar
6%
Pico Cristobal Colon
6%
Jengish Chokusu
4%
Mount Fairweather
4%
Namcha Barwa
4%
Ras Dashen
4%
Volcan Tajumulco
2%
No matching quizzes found
Score Distribution
Percent of People with Each Score
Percentile by Number Answered
Your Score History
You have not taken this quiz